Central Library OPAC University of Rajshahi

Casework in child care / (Record no. 5162)

MARC details
000 -LEADER
fixed length control field 00794cam a22002651 4500
001 - CONTROL NUMBER
control field 5162
003 - CONTROL NUMBER IDENTIFIER
rucl marc code BD-RjUL
005 - DATE AND TIME OF LATEST TRANSACTION
control field 20211208234023.0
008 - FIXED-LENGTH DATA ELEMENTS--GENERAL INFORMATION
fixed length control field 131224s1962 enk 001 0 eng d
035 ## - SYSTEM CONTROL NUMBER
System control number (BD-RjUL)5198
System control number (OCoLC)1654254
040 ## - CATALOGING SOURCE
Original cataloging agency DLC
Transcribing agency TxShA
Modifying agency Uk
-- DLC
-- BD-RjUL
Language of cataloging eng
041 ## - LANGUAGE CODE
Language code of text/sound track or separate title eng
082 00 - DEWEY DECIMAL CLASSIFICATION NUMBER
Classification number 362.70942
Author mark and year KAC 1962
100 1# - MAIN ENTRY--PERSONAL NAME
Personal name Kastell, Jean.
9 (RLIN) 16270
245 10 - TITLE STATEMENT
Title Casework in child care /
Statement of responsibility, etc. Foreword by M. Brooke Willis.
260 ## - PUBLICATION, DISTRIBUTION, ETC. (IMPRINT)
Place of publication, distribution, etc. London :
Name of publisher, distributor, etc. Routledge & Paul,
Date of publication, distribution, etc. 1962.
300 ## - PHYSICAL DESCRIPTION
Pagination xi, 306 p. ;
Size 22 cm.
490 0# - SERIES STATEMENT
Series statement International library of sociology and social reconstruction
500 ## - GENERAL NOTE
General note Includes index.
650 #0 - SUBJECT ADDED ENTRY--TOPICAL TERM
Topical term or geographic name as entry element Child welfare
Geographic subdivision Great Britain.
9 (RLIN) 16271
Topical term or geographic name as entry element Social case work.
9 (RLIN) 15737
942 ## - ADDED ENTRY ELEMENTS (KOHA)
Source of classification or shelving scheme Dewey Decimal Classification
Koha item type Books
Holdings
Lost status Source of classification or shelving scheme Damaged status Not for loan Collection code Permanent Location Current Location Shelving location Date acquired Source of acquisition Cost, normal purchase price Total Checkouts Full call number Date last seen Copy number Koha item type
  Dewey Decimal Classification     Non-fiction Central Library, University of Rajshahi Central Library, University of Rajshahi   19/03/1966 Zeithlinger. 0.00   362.70942 KAC 1962 24/12/2013 C-3 Books
  Dewey Decimal Classification     Non-fiction Central Library, University of Rajshahi Central Library, University of Rajshahi   28/10/1966 Mirza book 0.00   362.70942 KAC 1962 07/01/2014 C-2 Books
  Dewey Decimal Classification     Non-fiction Central Library, University of Rajshahi Central Library, University of Rajshahi   19/03/1966 Zeitlinger     362.70942 KAC 1962 28/08/2016 C-4 Books
  Dewey Decimal Classification   Not For Loan Non-fiction Central Library, University of Rajshahi Central Library, University of Rajshahi Reading Room     35.00   362.70942 KAC 1962 28/12/2016 C-1 Books